000 00594nam a2200169 a 4500
001 000042231
005 20201002040022.0
008 131120s1969 sp 000 0 spa d
040 _aDO-SdBNP
_bspa
_cBNPHU
082 _axxxx
_bxxxx
100 1 _aStucka, P. I.
_969250
245 1 3 _aLa función revolucionaria del derecho y del estado. /
_cP. I. Stucka; prólogo, Juan Ramón Capella.
260 _aBarcelona :
_bEdiciones Peninsula,
_c1969.
300 _a354 p. ;
_c21 cm.
500 _aPerteneció a la biblioteca personal de Germán Emilio Ornes.
700 1 _aCapella, Juan Ramón
_eed.
_948668
999 _c41720
_d41720